<?xml version="1.0" encoding="UTF-8"?>
<collection xmlns="http://www.loc.gov/MARC21/slim">
 <record>
  <leader>03934ntm a22005177a 4500</leader>
  <controlfield tag="001">000171044</controlfield>
  <controlfield tag="003">CZ-PrVSE</controlfield>
  <controlfield tag="005">20110620175452.0</controlfield>
  <controlfield tag="006">m        d</controlfield>
  <controlfield tag="007">cr n||||||||||</controlfield>
  <controlfield tag="008">110620s2010    xr     fsbm   000 0 cze d</controlfield>
  <datafield tag="STA" ind1=" " ind2=" ">
   <subfield code="a">NEZPRACOVANÝ IMPORT</subfield>
  </datafield>
  <datafield tag="040" ind1=" " ind2=" ">
   <subfield code="a">ABA006</subfield>
   <subfield code="b">cze</subfield>
   <subfield code="c">ABA006</subfield>
   <subfield code="d">ABA006</subfield>
  </datafield>
  <datafield tag="100" ind1="1" ind2=" ">
   <subfield code="a">Langhamrová, Jana</subfield>
   <subfield code="%">ISIS:53732</subfield>
   <subfield code="4">dis</subfield>
  </datafield>
  <datafield tag="245" ind1="1" ind2="0">
   <subfield code="a">Vývoj střední délky života obyvatel České republiky v letech 1960-2008</subfield>
   <subfield code="h">[elektronický zdroj] /</subfield>
   <subfield code="c">Jana Langhamrová</subfield>
  </datafield>
  <datafield tag="260" ind1=" " ind2=" ">
   <subfield code="c">2010</subfield>
  </datafield>
  <datafield tag="300" ind1=" " ind2=" ">
   <subfield code="a">?? s. :</subfield>
   <subfield code="3">digital, PDF soubor</subfield>
  </datafield>
  <datafield tag="500" ind1=" " ind2=" ">
   <subfield code="a">Vedoucí práce: Markéta Arltová</subfield>
  </datafield>
  <datafield tag="504" ind1=" " ind2=" ">
   <subfield code="a">Obsahuje bibliografii</subfield>
  </datafield>
  <datafield tag="516" ind1=" " ind2=" ">
   <subfield code="a">Textový (vysokoškolská kvalifikační práce)</subfield>
  </datafield>
  <datafield tag="520" ind1="3" ind2=" ">
   <subfield code="a">Cílem práce bylo poukázat na změny v úmrtnosti, které měly za následek prodlužování střední délky života a snížení kojenecké úmrtnosti. Na základě časových řad dostupných na stránkách ČSÚ, byl vyhodnocen vývoj základních ukazatelů, které se na změnách úmrtnosti podílely. Z údajů o vývoji střední délky života za muže a ženy ve vybraných věkových skupinách, kvocientu kojenecké úmrtnosti a ukazatele skutečné porodnosti v České republice v letech 1920-2008 byl také vypočítán paradox střední délky života a potřebná úroveň porodnosti a střední délky života pro zachování prosté reprodukce. Práce velmi podrobně popisuje ukazatele a metody výpočtu úmrtnosti, zvláštní pozornost je věnována úmrtnostním tabulkám a možným způsobům vyrovnání křivky měr úmrtnosti. Je zde provedeno také srovnání České republiky ve střední délce života a zdravé délce života s evropskými zeměmi a popsán termín zdravá délka života a nejpoužívanější způsob jejího výpočtu. Ve všech sledovaných zemích mají ženy při narození delší střední délku života než muži. Pro Českou republiku je tento rozdíl dnes okolo 6 let. Ve všech zemích délka života postupně roste, výjimkou jsou například země bývalého Sovětského svazu, kde dochází ke kolísání střední délky života v průběhu posledních 20 let. Srovnání jednotlivých zemí je provedeno na základě údajů z databáze Eurostatu a Human Mortality Database. V příloze jsou uvedeny způsoby výpočtu úmrtnostních tabulek a možné postupy vyrovnání křivky měr úmrtnosti. Je zde dále uveden přehled nejpoužívanějších modelů vyhlazování a extrapolace křivky úmrtnosti. Práce je doplněna rejstříkem použitých pojmů a česko-anglickým slovníkem.</subfield>
  </datafield>
  <datafield tag="538" ind1=" " ind2=" ">
   <subfield code="a">Způsob přístupu: Internet</subfield>
  </datafield>
  <datafield tag="502" ind1=" " ind2=" ">
   <subfield code="a">Bakalářská práce (Bc.)—Vysoká škola ekonomická v Praze. Fakulta informatiky a statistiky, 2010</subfield>
  </datafield>
  <datafield tag="518" ind1=" " ind2=" ">
   <subfield code="a">Rok obhajoby 2010</subfield>
  </datafield>
  <datafield tag="690" ind1=" " ind2=" ">
   <subfield code="a">kvocient kojenecké úmrtnosti</subfield>
  </datafield>
  <datafield tag="690" ind1=" " ind2=" ">
   <subfield code="a">časové řady</subfield>
  </datafield>
  <datafield tag="690" ind1=" " ind2=" ">
   <subfield code="a">střední délka života</subfield>
  </datafield>
  <datafield tag="690" ind1=" " ind2=" ">
   <subfield code="a">paradox střední délky života</subfield>
  </datafield>
  <datafield tag="690" ind1=" " ind2=" ">
   <subfield code="a">zdravá délka života</subfield>
  </datafield>
  <datafield tag="653" ind1="0" ind2=" ">
   <subfield code="a">statistické metody v ekonomii [obor bakal. práce]</subfield>
  </datafield>
  <datafield tag="655" ind1=" " ind2="7">
   <subfield code="a">bakalářské práce</subfield>
   <subfield code="7">fd132403</subfield>
   <subfield code="2">czenas</subfield>
  </datafield>
  <datafield tag="655" ind1=" " ind2="9">
   <subfield code="a">bachelor's theses</subfield>
   <subfield code="2">eczenas</subfield>
  </datafield>
  <datafield tag="700" ind1="1" ind2=" ">
   <subfield code="a">Arltová, Markéta,</subfield>
   <subfield code="d">1970-</subfield>
   <subfield code="7">xx0002953</subfield>
   <subfield code="4">ths</subfield>
  </datafield>
  <datafield tag="700" ind1="1" ind2=" ">
   <subfield code="a">Löster, Tomáš,</subfield>
   <subfield code="d">1980-</subfield>
   <subfield code="7">mzk2009512833</subfield>
   <subfield code="4">opn</subfield>
  </datafield>
  <datafield tag="710" ind1="2" ind2=" ">
   <subfield code="a">Vysoká škola ekonomická v Praze.</subfield>
   <subfield code="b">Fakulta informatiky a statistiky</subfield>
   <subfield code="7">kn20010709399</subfield>
  </datafield>
  <datafield tag="856" ind1="4" ind2="0">
   <subfield code="u">https://isis.vse.cz/zp/22935/podrobnosti</subfield>
   <subfield code="y">VŠKP v InSIS</subfield>
  </datafield>
  <datafield tag="856" ind1="4" ind2="0">
   <subfield code="u">https://isis.vse.cz/zp/22935</subfield>
   <subfield code="y">Hlavní práce</subfield>
  </datafield>
  <datafield tag="856" ind1="4" ind2="0">
   <subfield code="u">https://isis.vse.cz/zp/22935/posudek/vedouci</subfield>
   <subfield code="y">Hodnocení vedoucího</subfield>
  </datafield>
  <datafield tag="856" ind1="4" ind2="0">
   <subfield code="u">https://isis.vse.cz/zp/22935/posudek/oponent/15763</subfield>
   <subfield code="y">Oponentura</subfield>
  </datafield>
  <datafield tag="999" ind1="4" ind2="0">
   <subfield code="u">http://isis.vse.cz/zp/52983/podrobnosti</subfield>
   <subfield code="y">dc:identifier</subfield>
  </datafield>
  <datafield tag="993" ind1=" " ind2=" ">
   <subfield code="x">NEPOSILAT</subfield>
   <subfield code="y">VSKP</subfield>
  </datafield>
  <datafield tag="999" ind1="4" ind2="5">
   <subfield code="x">52983</subfield>
  </datafield>
  <datafield tag="999" ind1="4" ind2="9">
   <subfield code="a">vse22935</subfield>
   <subfield code="b">110325</subfield>
  </datafield>
  <datafield tag="999" ind1="4" ind2="4">
   <subfield code="a">md5</subfield>
   <subfield code="x">52983</subfield>
   <subfield code="u">e6ccf7016601acade2b45d62d78dfd1f</subfield>
  </datafield>
 </record>
</collection>
